[Mikroekonómia]

Recenzia na monografiu "Mikroekonómia". Autorka v nej oboznamuje čitateľa s pojmami súvisiacími s mikroekonómiou. Kniha je vhodná pre študentov škôl s ekonomickým zameraním ako aj pre malých a stredných podnikateľov.

Gespeichert in:
Bibliographische Detailangaben
1. Verfasser: Krošláková, Monika, 1975-
Format: Buchkapitel
Sprache:Slowakisch
Schlagworte:
Tags: Tag hinzufügen
Keine Tags, Fügen Sie das erste Tag hinzu!

MARC

LEADER 00000naa$a2200000$$$4500
001 0056119
005 20240502114717.4
041 0 |a slo 
044 |a SK 
245 1 0 |a [Mikroekonómia]  |c Monika Krošláková 
520 |a Recenzia na monografiu "Mikroekonómia". Autorka v nej oboznamuje čitateľa s pojmami súvisiacími s mikroekonómiou. Kniha je vhodná pre študentov škôl s ekonomickým zameraním ako aj pre malých a stredných podnikateľov. 
610 2 0 |a recenzie 
610 2 0 |a mikroekonomika 
610 2 0 |a podnikanie malé 
610 2 0 |a podnikanie stredné 
100 1 |a Krošláková, Monika, 1975-